000 00525nam a2200181 i 4500
001 100827
003 ES-MaACL
005 20260217063012.0
007 t|
008 051006s1926 fr |||| |dfre d
100 0 _aMathiez, Albert
_979054
245 1 0 _aAutour de Danton /
_cAlbert Mathiez.
260 _aHaute-Savoie :
_b[s.n.],
_c1926 (
_fImprimerie d'Ambilly-Annernasse)
300 _a284 p. ;
_c23 cm.
600 1 4 _aDanton, Georges-Jacques.
_9162907
852 _aES-MaACL
_jF-6042
999 _c100827
_d100827